00502nam a22001577a 450000500170000001000150001702000300003203500140006203700090007608200110008510000190009624500980011526000540021327000440026730000330031120220113161841.0 aENG-131114 a978-93-5442-048-1c700.00 aEN-114646 bDBAD a954.84 aPingle, Gautam aThe Formation and History of Telangana:bA collection of Nine Critical Essays/cGautam Pingle aTelanganabOrient Blackswan Private Limitedc2020 bTelanganaa3-6-752 Himayatnagare500029 axix, 273p.c21cm(pbk)bIndex